000 00989nam a22003017a 4500
001 7617
003 FISKH
005 20250728102802.0
008 250728b cb ||||| |||| 00| 0 eng d
020 _a9780545512152
040 _aFISKH
_beng
_cFISKH
_dFISKH
050 _aGV867.5 .H456
082 _a796.357
100 _aHerzog, Brad
245 _aFull count :
_bA baseball number book /
_cWritten by Brad Herzog and Illustrated by Buuce Langto
260 _aNew York :
_bScholastic ,
_c2009.
300 _a40 unnumbered pages :
_bcolor illustrations ;
_c23 x 25 cm .
505 _aK
520 _aPresents short rhymes about numbers from one through 100 related to the sport of baseball.
521 8 _a510
_bLexile estimate
521 8 _aK
_bRaz-Plus
650 _aBaseball
_vNon-fiction
650 _acounting
_vNon-fiction
650 _aInformational
_vNon-fiction
700 _aLangton, Bruce
_eIllustator
942 _2ddc
_cBK
_n0
999 _c7617
_d7617